000 04246nam a2200469 a 4500
005 19941102175042.0
008 810520s1980 lb 000 1 eng
010 _aB-279536-553
020 _a9781861978196
_c250.00
020 _a1861978197
_c250.00
035 _aB-279536-553
037 _aViva/1071/28.5.08/104/16.5.08/11.7.08
040 _adpl
_bEnglish
082 _aS
100 _aBennett, Alan
245 _aFour stories /
_cby Alan Bennett
260 _aLondon
_bProfile Books
_c2007
300 _a282p.
_c21 cm (pbk)
650 _aLiberian fiction (English)
942 _2ddc
_cEN
_hS
_mBEN
999 _c20606
_d20606